000 00319nam a2200133 i 4500
001 bg
100 1 _aSTRZELECKI, Tadeusz
245 0 _aDoskonalenie organizacji pracy /
_cTadeusz Strzelecki.
260 _aWarszawa,
_c1984.
040 _cBPK
041 _apol
942 _cKS
008 s pl f |000 0 pol
999 _c1202
_d1202
856 _uhttp://koha.tu.koszalin.pl/cgi-bin/koha/opac-detail.pl?biblionumber=1202
_yKatalog online BPK